| 000 | 00367 a2200145 4500 | ||
|---|---|---|---|
| 020 | _a 8172246676 | ||
| 082 | _a004.6 | ||
| 090 |
_c1444 _d1444 |
||
| 245 |
_a Intranets _c James Cimino, |
||
| 260 |
_aNew Delhi : _bJaico Publishing House, _c1998. |
||
| 300 |
_a xix, 314 p. : _bill. ; _c24 cm. |
||
| 500 | _aIncludes Index | ||
| 650 | _a Internet | ||
| 942 |
_cBK _k004.6 CIM |
||
| 999 |
_c5396 _d5396 |
||